000 00324nam a2200121Ia 4500
008 240731s9999 xx 000 0 und d
022 _a1752-1807
245 0 _aEuropean Early Childhood Education Research Journal
260 _bRoutledge
856 _uhttps://www.tandfonline.com/loi/recr20
942 _2ddc
942 _cTFEJ
999 _c76497
_d76497
945 _a1
_bMadushi Gamage
_c1
_dMadushi Gamage